<?xml version="1.0" encoding="UTF-8"?>
<collection xmlns="http://www.loc.gov/MARC21/slim">
  <record>
    <leader>00000nam  2200000   4500</leader>
    <controlfield tag="001">INLIS000000000015762</controlfield>
    <controlfield tag="005">20230905022333</controlfield>
    <datafield tag="035" ind1="#" ind2="#">
      <subfield code="a">0010-0923000003</subfield>
    </datafield>
    <controlfield tag="007">ta</controlfield>
    <controlfield tag="008">230905################|##########|#|##</controlfield>
    <datafield tag="084" ind1="#" ind2="#">
      <subfield code="a">R 059 PIM II 2022</subfield>
    </datafield>
    <datafield tag="100" ind1=" " ind2="#">
      <subfield code="a">Wisnu Nugroho Dewanto</subfield>
    </datafield>
    <datafield tag="245" ind1="1" ind2="#">
      <subfield code="a">Percepatan Penyelesaian Tuntutan Perbendaharaan/Tuntutan Ganti Rugi (TP/TGR) Di Lingkungan Kemenkumham Melalui SIPKN /</subfield>
      <subfield code="c">Wisnu Nugroho Dewanto</subfield>
    </datafield>
    <datafield tag="250" ind1="#" ind2="#">
      <subfield code="a">1</subfield>
    </datafield>
    <datafield tag="260" ind1="#" ind2="#">
      <subfield code="a">Jakarta :</subfield>
      <subfield code="b">Pusbangkom Pimnas dan Manajerial ASN,</subfield>
      <subfield code="c">2022</subfield>
    </datafield>
    <datafield tag="300" ind1="#" ind2="#">
      <subfield code="a">130 halaman :</subfield>
      <subfield code="b">Ilus ;</subfield>
      <subfield code="c">30 cm</subfield>
    </datafield>
    <datafield tag="650" ind1="#" ind2="4">
      <subfield code="a">Sistem Informasi</subfield>
    </datafield>
    <datafield tag="650" ind1="#" ind2="4">
      <subfield code="a">Anggaran Administrasi Negara</subfield>
    </datafield>
    <datafield tag="520" ind1="#" ind2="#">
      <subfield code="a">Sebagai upaya peningkatan penyelesaian kerugian negara yang memadai dengan mekanisme yang lebih efektif dan efisien, sekaligus meminimalisir temuan berulang BPK RI, melalui transformasi digital dengan pembangunan Sistem Informasi berbasis Aplikasi Online Penyelesaian Kerugian Negara (SIPKN) serta Rancangan Permenkumham tentang Tata Cara Penyelesaian Kerugian Negara di Lingkungan Kementerian Hukum dan HAM RI. Dengan demikian, pembangunan SIPKN ini diharapkan setiap pejabat/pegawai dapat memahami proses penyelesaian kerugian negara dan mempermudah mekanisme pemantauan, penyelesaian, serta pelaporan kerugian negara pada tingkat Satuan Kerja/UPT, Kantor Wilayah dan Unit Eselon I.</subfield>
    </datafield>
    <datafield tag="990" ind1="#" ind2="#">
      <subfield code="a">059</subfield>
    </datafield>
  </record>
</collection>
